[Event "Angers op 15th"]
[Site "Angers"]
[Date "2022.05.29"]
[Round "6"]
[White "Budak, Lori"]
[Black "Simon, Olivier"]
[Result "1/2-1/2"]
[WhiteElo "1717"]
[BlackElo "2302"]
[PlyCount "92"]
[EventDate "2022.05.27"]
[EventType "swiss"]
[EventRounds "6"]
[EventCountry "FRA"]
[SourceTitle "CBM 208 Extra"]
[Source "ChessBase"]
[SourceDate "2022.07.31"]
[SourceVersion "1"]
[SourceVersionDate "2022.07.31"]
[SourceQuality "1"]

1. e4 e5 2. Bc4 Nc6 3. Nf3 Be7 4. c3 Nf6 5. d3 0-0 6. 0-0 Na5 7. Bb5 d6 8. b4 Nc6 9. Nbd2 Bg4 10. Re1 h6 11. Nf1 Nh7 12. h3 Be6 13. Ng3 Ng5 14. a3 a6 15. Ba4 f5 16. exf5 Bxf5 17. Bb3+ Kh8 18. Nxg5 Bxg5 19. Nxf5 Bxc1 20. Nxg7 Qf6 21. Rxc1 Qxf2+ 22. Kh1 Kxg7 23. Qg4+ Kh8 24. Rf1 Qe3 25. Qd7 Qxd3 26. Rf7 Rxf7 27. Qxf7 Qh7 28. Qc4 Rf8 29. Rf1 Rxf1+ 30. Qxf1 Qe7 31. b5 axb5 32. Qxb5 Nd8 33. Qc4 Qg7 34. Qh4 Qf8 35. Kg1 d5 36. g4 Qc5+ 37. Kg2 Nf7 38. Qf6+ Kg8 39. Bc2 Qxc3 40. Bh7+ Kf8 41. Bg6 Qb2+ 42. Kh1 Qc1+ 43. Kg2 Qb2+ 44. Kh1 Qc1+ 45. Kg2 Qd2+ 46. Kg3 Qe1+ 1/2-1/2

[Event "Angers op 15th"]
[Site "Angers"]
[Date "2022.05.27"]
[Round "2"]
[White "Le Bouil, Jean Louis"]
[Black "Simon, Olivier"]
[Result "1-0"]
[WhiteElo "1867"]
[BlackElo "2302"]
[PlyCount "39"]
[EventDate "2022.05.27"]
[EventType "swiss"]
[EventRounds "6"]
[EventCountry "FRA"]
[SourceTitle "CBM 208 Extra"]
[Source "ChessBase"]
[SourceDate "2022.07.31"]
[SourceVersion "1"]
[SourceVersionDate "2022.07.31"]
[SourceQuality "1"]

1. e4 e5 2. Nf3 f5 3. Nxe5 Nf6 4. Bc4 Qe7 5. Bf7+ Kd8 6. d4 d6 7. 0-0 c6 8. Bb3 Be6 9. Bxe6 Qxe6 10. exf5 Qxf5 11. Nf7+ Ke8 12. Nxh8 Be7 13. Qe2 Kf8 14. Re1 Bd8 15. Bf4 Kg8 16. Bxd6 Qd7 17. Be5 Kxh8 18. Bxf6 gxf6 19. Qh5 Be7 20. Qf7 1-0

[Event "Europe Echecs online op April"]
[Site "Europe Echecs INT"]
[Date "2020.04.11"]
[Round "7"]
[White "Simon, Olivier"]
[Black "Macqueron, Gregory"]
[Result "1-0"]
[WhiteElo "2302"]
[BlackElo "1928"]
[PlyCount "45"]
[EventDate "2020.04.11"]
[EventType "swiss (blitz)"]
[EventRounds "11"]
[EventCountry "FRA"]
[SourceTitle "EXT 2021"]
[Source "ChessBase"]
[SourceDate "2020.10.23"]
[SourceVersion "1"]
[SourceVersionDate "2020.10.23"]
[SourceQuality "1"]

1. e4 d6 2. Nc3 Nf6 3. f4 e5 4. Nf3 Be7 5. Bc4 Nbd7 6. d3 0-0 7. 0-0 c6 8. a4 a5 9. Qe1 h6 10. Kh1 Qc7 11. f5 Nb6 12. Ba2 Re8 13. Qg3 Kf8 14. Qh3 Ng8 15. g4 Bf6 16. Qh5 d5 17. h4 Bd8 18. g5 hxg5 19. hxg5 dxe4 20. dxe4 Qe7 21. g6 f6 22. Qh8 Nd5 23. Nxd5 1-0

[Event "Europe Echecs online op April"]
[Site "Europe Echecs INT"]
[Date "2020.04.11"]
[Round "6"]
[White "Vaisser, Anatoli"]
[Black "Simon, Olivier"]
[Result "1-0"]
[WhiteElo "2540"]
[BlackElo "2302"]
[PlyCount "45"]
[EventDate "2020.04.11"]
[EventType "swiss (blitz)"]
[EventRounds "11"]
[EventCountry "FRA"]
[SourceTitle "EXT 2021"]
[Source "ChessBase"]
[SourceDate "2020.10.23"]
[SourceVersion "1"]
[SourceVersionDate "2020.10.23"]
[SourceQuality "1"]

1. d4 Nf6 2. c4 g6 3. Nc3 Bg7 4. e4 d6 5. f4 c5 6. d5 0-0 7. Nf3 e6 8. Be2 exd5 9. cxd5 Nbd7 10. 0-0 Re8 11. Nd2 c4 12. Kh1 Nc5 13. e5 dxe5 14. fxe5 Nxd5 15. Nxd5 Qxd5 16. Bxc4 Qxe5 17. Bxf7+ Kh8 18. Nc4 Qe7 19. Bxe8 Qxe8 20. Nd6 Qe6 21. Nf7+ Kg8 22. Qd8+ Bf8 23. Nh6+ 1-0

[Event "Cappelle op 28th"]
[Site "Cappelle la Grande"]
[Date "2012.03.03"]
[Round "1"]
[White "Simon, Olivier"]
[Black "Sanikidze, Tornike"]
[Result "0-1"]
[WhiteElo "2323"]
[BlackElo "2549"]
[PlyCount "80"]
[EventDate "2012.03.03"]
[EventType "swiss"]
[EventRounds "9"]
[EventCountry "FRA"]
[SourceTitle "CBM 147 Extra"]
[Source "ChessBase"]
[SourceDate "2012.04.24"]
[SourceVersion "1"]
[SourceVersionDate "2012.04.24"]
[SourceQuality "1"]

1. e4 e5 2. Nf3 Nc6 3. Bb5 a6 4. Ba4 Nf6 5. 0-0 Be7 6. Re1 b5 7. Bb3 d6 8. c3 0-0 9. h3 Nd7 10. d4 Bf6 11. a4 Bb7 12. Na3 Nb6 13. axb5 axb5 14. Be3 b4 15. Nc4 Nxc4 16. Bxc4 Na5 17. Bd3 exd4 18. Bxd4 bxc3 19. bxc3 c5 20. Bxf6 Qxf6 21. Ra3 g6 22. Qc2 Rfe8 23. Rea1 Nc6 24. Rxa8 Bxa8 25. Bb5 Kg7 26. Nd2 Bb7 27. Rd1 Qg5 28. Nc4 Re7 29. Nxd6 Ne5 30. Nxb7 Rxb7 31. Qe2 h5 32. Rf1 Qf4 33. g3 Qf3 34. Rc1 Rxb5 35. Qxb5 Nd3 36. Rf1 h4 37. Qb8 Qxe4 38. Qd6 Ne5 39. Qxc5 Nf3+ 40. Kg2 Ne1+ 0-1

[Event "Syre Memorial op 34th"]
[Site "Issy les Moulineaux"]
[Date "2011.06.03"]
[Round "2"]
[White "Simon, Olivier"]
[Black "Bucaille, Guy"]
[Result "1/2-1/2"]
[WhiteElo "2342"]
[BlackElo "2029"]
[PlyCount "53"]
[EventDate "2011.06.03"]
[EventType "swiss"]
[EventRounds "6"]
[EventCountry "FRA"]
[SourceTitle "EXT 2012"]
[Source "ChessBase"]
[SourceDate "2011.11.24"]
[SourceVersion "1"]
[SourceVersionDate "2011.11.24"]
[SourceQuality "1"]

1. e4 c5 2. Nf3 d6 3. d4 cxd4 4. Nxd4 Nf6 5. Nc3 Nc6 6. Bg5 e6 7. Qd2 a6 8. 0-0-0 Bd7 9. f4 b5 10. Bxf6 gxf6 11. Kb1 Qb6 12. Nxc6 Bxc6 13. Qe1 0-0-0 14. Bd3 b4 15. Ne2 d5 16. e5 f5 17. Nd4 Bb7 18. Be2 Bc5 19. Qf2 Rhg8 20. Bh5 Rd7 21. Rd2 Rc7 22. Rhd1 Kb8 23. g3 Rgc8 24. h3 a5 25. g4 fxg4 26. hxg4 a4 27. Qe1 1/2-1/2

[Event "Cap d'Agde CCAS op"]
[Site "Cap d'Agde"]
[Date "2010.10.25"]
[Round "3"]
[White "Prie, Eric"]
[Black "Simon, Olivier"]
[Result "1-0"]
[WhiteElo "2526"]
[BlackElo "2344"]
[PlyCount "81"]
[EventDate "2010.10.23"]
[EventType "swiss"]
[EventRounds "7"]
[EventCountry "FRA"]
[SourceTitle "EXT 2012"]
[Source "ChessBase"]
[SourceDate "2011.11.24"]
[SourceVersion "1"]
[SourceVersionDate "2011.11.24"]
[SourceQuality "1"]

1. d4 Nf6 2. Bf4 g6 3. Nc3 d5 4. Qd2 Bg7 5. Bh6 Bxh6 6. Qxh6 c5 7. dxc5 Qa5 8. e3 Qxc5 9. Nf3 a6 10. Ng5 Nc6 11. 0-0-0 Be6 12. Nxe6 fxe6 13. Qh3 Kf7 14. g4 h5 15. g5 Ng4 16. Be2 Nge5 17. Rd2 Rac8 18. Rhd1 b5 19. Kb1 Na5 20. Rd4 Rc6 21. e4 b4 22. exd5 bxc3 23. dxc6 Rb8 24. b3 Naxc6 25. Re4 Rb4 26. Rxb4 Qxb4 27. f4 Ng4 28. Bxg4 hxg4 29. Qe3 Na7 30. a4 Nc6 31. Ka2 Qa5 32. Re1 Nb4+ 33. Kb1 Qf5 34. Qxc3 Qxf4 35. Qc4 Qxc4 36. bxc4 Nc6 37. Rf1+ Ke8 38. Rf4 Ne5 39. Re4 Nf3 40. Rxg4 Nxh2 41. Rg3 1-0

[Event "Charleroi op"]
[Site "Charleroi"]
[Date "2010.08.06"]
[Round "8"]
[White "Van der Stricht, Geert"]
[Black "Simon, Olivier"]
[Result "1-0"]
[WhiteElo "2393"]
[BlackElo "2339"]
[PlyCount "57"]
[EventDate "2010.07.31"]
[EventType "swiss"]
[EventRounds "9"]
[EventCountry "BEL"]
[SourceTitle "CBM 137 Extra"]
[Source "ChessBase"]
[SourceDate "2010.09.01"]
[SourceVersion "1"]
[SourceVersionDate "2010.09.01"]
[SourceQuality "1"]

1. d4 Nf6 2. c4 g6 3. Nc3 Bg7 4. e4 d6 5. Be2 0-0 6. Nf3 e5 7. 0-0 Nc6 8. d5 Ne7 9. b4 c6 10. Rb1 cxd5 11. cxd5 Nh5 12. Nd2 Nf4 13. Nc4 f5 14. Re1 Nxe2+ 15. Rxe2 f4 16. Rc2 Rf6 17. a4 g5 18. b5 b6 19. Na2 g4 20. Ba3 Rh6 21. g3 Bf8 22. Nxe5 dxe5 23. d6 Be6 24. dxe7 Bxe7 25. Rd2 Bxa2 26. Bxe7 Qxe7 27. Rxa2 Qe6 28. Rc2 Rf8 29. Rc6 1-0

[Event "Charleroi op"]
[Site "Charleroi"]
[Date "2010.08.04"]
[Round "6"]
[White "Lacroix, Bruno"]
[Black "Simon, Olivier"]
[Result "0-1"]
[WhiteElo "2165"]
[BlackElo "2339"]
[PlyCount "111"]
[EventDate "2010.07.31"]
[EventType "swiss"]
[EventRounds "9"]
[EventCountry "BEL"]
[SourceTitle "CBM 137 Extra"]
[Source "ChessBase"]
[SourceDate "2010.09.01"]
[SourceVersion "1"]
[SourceVersionDate "2010.09.01"]
[SourceQuality "1"]

1. d4 Nf6 2. Nf3 g6 3. Nc3 d5 4. Bf4 Bg7 5. e3 0-0 6. Be2 c5 7. Ne5 Nc6 8. 0-0 Be6 9. dxc5 Qa5 10. Nb5 Qb4 11. Nc7 Rac8 12. Nxc6 bxc6 13. Nxe6 fxe6 14. Qd4 Qxd4 15. exd4 Ne4 16. Bg4 Bxd4 17. Bxe6+ Kg7 18. Bxc8 Rxf4 19. g3 Rf6 20. Rad1 Bxb2 21. f4 Ba3 22. Ba6 Bxc5+ 23. Kg2 Nc3 24. Rd3 d4 25. Bc4 Rf8 26. Re1 Rb8 27. Re5 Bd6 28. Ra5 c5 29. Bb3 Rb7 30. Kf3 Kf6 31. Ra6 h6 32. Rd2 Rc7 33. Bc4 Rb7 34. Bb3 g5 35. fxg5+ hxg5 36. Kg4 Kg6 37. Bc4 Kh6 38. a3 Ne4 39. Re2 Nf6+ 40. Kf5 Ne8 41. Re6+ Kg7 42. Kxg5 Nf6 43. Kf5 Nd7 44. Rg6+ Kh7 45. Kg5 Ne5 46. Rh6+ Kg7 47. Bd5 Rc7 48. Rh4 e6 49. Rxd6 Nf7+ 50. Kh5 Nxd6 51. Bxe6 Kf6 52. Bg8 Ke5 53. Rf4 Nf5 54. Bc4 Rh7+ 55. Kg6 Rg7+ 56. Kh5 0-1

[Event "FRA-chT2 0910"]
[Site "France"]
[Date "2009.12.12"]
[Round "5.3"]
[White "Mehaibia, Azzedine"]
[Black "Simon, Olivier"]
[Result "0-1"]
[WhiteElo "2113"]
[BlackElo "2314"]
[PlyCount "58"]
[EventDate "2009.09.27"]
[EventType "team-tourn"]
[EventRounds "11"]
[EventCountry "FRA"]
[SourceTitle "EXT 2011"]
[Source "ChessBase"]
[SourceDate "2010.11.26"]
[SourceVersion "1"]
[SourceVersionDate "2010.11.26"]
[SourceQuality "1"]

1. e4 c5 2. Nf3 e6 3. d4 cxd4 4. Nxd4 a6 5. Nc3 Qc7 6. g3 Bb4 7. Nde2 Nf6 8. Bg2 Be7 9. 0-0 0-0 10. Be3 Ng4 11. Bd4 Nc6 12. Nf4 Nxd4 13. Qxg4 d6 14. Qd1 Nc6 15. Nd3 b5 16. f4 Bb7 17. f5 Bf6 18. Nf4 Rfe8 19. Nh5 Bd4+ 20. Kh1 Bxc3 21. bxc3 exf5 22. Rxf5 Na5 23. Qd4 f6 24. Rd1 Red8 25. Nf4 Qf7 26. Nd5 Bxd5 27. exd5 Rdc8 28. Rdf1 Rc4 29. Qd2 Qc7 0-1

[Event "FRA-chT2 0910"]
[Site "France"]
[Date "2009.10.04"]
[Round "1.1"]
[White "Simon, Olivier"]
[Black "Payen, Arnaud"]
[Result "0-1"]
[WhiteElo "2317"]
[BlackElo "2356"]
[PlyCount "98"]
[EventDate "2009.09.27"]
[EventType "team-tourn"]
[EventRounds "11"]
[EventCountry "FRA"]
[SourceTitle "EXT 2011"]
[Source "ChessBase"]
[SourceDate "2010.11.26"]
[SourceVersion "1"]
[SourceVersionDate "2010.11.26"]
[SourceQuality "1"]

1. e4 e5 2. Nf3 Nc6 3. Bb5 a6 4. Ba4 Nf6 5. 0-0 Be7 6. Re1 b5 7. Bb3 d6 8. c3 0-0 9. h3 Nd7 10. d4 Nb6 11. Nbd2 Bf6 12. Nf1 Re8 13. Ng3 g6 14. Bh6 Na5 15. Bc2 c5 16. d5 Bd7 17. b3 Nb7 18. Qd2 a5 19. Nh2 c4 20. Ng4 Bh4 21. Kh2 f6 22. Rf1 Bg5 23. Bxg5 fxg5 24. Ne2 Rf8 25. g3 Bxg4 26. hxg4 Nc5 27. b4 axb4 28. cxb4 Nca4 29. Kg2 Qf6 30. f3 Ra7 31. Nc3 Nxc3 32. Qxc3 Rfa8 33. a3 Qd8 34. Rf2 h5 35. gxh5 gxh5 36. Qe3 Rh7 37. Kf1 Raa7 38. Ke2 Rag7 39. f4 exf4 40. gxf4 Nxd5 41. exd5 Re7 42. Bxh7+ Kxh7 43. f5 Rxe3+ 44. Kxe3 Qf6 45. Rd1 g4 46. Ke2 g3 47. Rf3 h4 48. Kf1 Qb2 49. f6 Qh2 0-1

[Event "Condom op-A"]
[Site "Condom"]
[Date "2009.07.15"]
[Round "6"]
[White "Manolache, Marius"]
[Black "Simon, Olivier"]
[Result "1-0"]
[WhiteElo "2479"]
[BlackElo "2322"]
[PlyCount "63"]
[EventDate "2009.07.11"]
[EventType "swiss"]
[EventRounds "9"]
[EventCountry "FRA"]
[SourceTitle "CBM 131 Extra"]
[Source "ChessBase"]
[SourceDate "2009.09.03"]
[SourceVersion "2"]
[SourceVersionDate "2009.09.16"]
[SourceQuality "1"]

1. d4 Nf6 2. c4 g6 3. Nf3 Bg7 4. Nc3 0-0 5. Bg5 h6 6. Bf4 c5 7. d5 d6 8. e3 Nh5 9. Bd3 Nxf4 10. exf4 e6 11. dxe6 Bxe6 12. f5 Bxf5 13. Bxf5 Re8+ 14. Ne2 gxf5 15. 0-0 Nc6 16. Ng3 Qf6 17. Nh5 Qxb2 18. Rb1 Qxa2 19. Qd5 Nb4 20. Qxd6 Qxc4 21. h3 Re6 22. Qc7 Qb5 23. Qf4 Kh8 24. Qxf5 Re7 25. Rxb4 Qxb4 26. Nf6 Bxf6 27. Qxf6+ Kg8 28. Qxe7 a5 29. Re1 c4 30. Qc7 c3 31. Re3 a4 32. Ne5 1-0

[Event "Cappelle op 25th"]
[Site "Cappelle la Grande"]
[Date "2009.03.04"]
[Round "6"]
[White "Simon, Olivier"]
[Black "Couche, Didier"]
[Result "1-0"]
[WhiteElo "2364"]
[BlackElo "2142"]
[PlyCount "91"]
[EventDate "2009.02.28"]
[EventType "swiss"]
[EventRounds "9"]
[EventCountry "FRA"]
[SourceTitle "CBM 129 Extra"]
[Source "ChessBase"]
[SourceDate "2009.05.05"]
[SourceVersion "2"]
[SourceVersionDate "2009.05.20"]
[SourceQuality "1"]

1. e4 e6 2. d4 d5 3. Nc3 Bb4 4. e5 c5 5. a3 Bxc3+ 6. bxc3 Qa5 7. Bd2 Qa4 8. Qb1 c4 9. Nh3 Nc6 10. Nf4 g6 11. g3 Bd7 12. Bh3 0-0-0 13. 0-0 Nge7 14. Ng2 h6 15. Ne3 b6 16. f4 h5 17. Bg2 Nf5 18. Nd1 Nce7 19. Nb2 Qa5 20. Qe1 Ba4 21. Nxa4 Qxa4 22. Ra2 Nc6 23. Bf3 Rh7 24. Kf2 Rdh8 25. Rh1 Kc7 26. h3 Na5 27. Qb1 Nc6 28. Qb2 b5 29. Raa1 a6 30. Rh2 Kd7 31. Rah1 Nfe7 32. Kg2 Nc8 33. g4 hxg4 34. hxg4 Rxh2+ 35. Rxh2 Rxh2+ 36. Kxh2 Qa5 37. Qc1 Nb6 38. f5 gxf5 39. gxf5 Na4 40. Bg4 Qd8 41. Qf1 Qg8 42. Qf3 Ke8 43. Qh3 Kd7 44. Qh5 Ne7 45. f6 Nc6 46. Bxe6+ 1-0

[Event "FRA-chT2 North 0809"]
[Site "France"]
[Date "2009.01.17"]
[Round "5.1"]
[White "Simon, Olivier"]
[Black "Wallin, Guillaume"]
[Result "1/2-1/2"]
[WhiteElo "2364"]
[BlackElo "2415"]
[PlyCount "43"]
[EventDate "2008.10.19"]
[EventType "team-tourn"]
[EventRounds "11"]
[EventCountry "FRA"]
[SourceTitle "EXT 2010"]
[Source "ChessBase"]
[SourceDate "2010.11.25"]
[SourceVersion "1"]
[SourceVersionDate "2010.11.25"]
[SourceQuality "1"]
[WhiteTeam "Fenain Hornaing"]
[BlackTeam "Gonfreville II"]
[WhiteTeamCountry "FRA"]
[BlackTeamCountry "FRA"]

1. e4 e6 2. d4 d5 3. Nc3 Nf6 4. e5 Nfd7 5. f4 c5 6. Nf3 Nc6 7. Be3 cxd4 8. Nxd4 Bc5 9. Qd2 a6 10. 0-0-0 0-0 11. Qf2 Bb4 12. Nce2 Nxd4 13. Nxd4 Nc5 14. Bd3 f6 15. Qg3 Qc7 16. h4 Bd7 17. Kb1 f5 18. Qf3 Ne4 19. Nb3 Rac8 20. Bd4 Bb5 21. Rc1 Bxd3 22. cxd3 1/2-1/2

[Event "FRA-chT2 North 0809"]
[Site "France"]
[Date "2008.12.14"]
[Round "4.1"]
[White "Therkildsen, Thomas"]
[Black "Simon, Olivier"]
[Result "1-0"]
[WhiteElo "2310"]
[BlackElo "2364"]
[PlyCount "51"]
[EventDate "2008.10.19"]
[EventType "team-tourn"]
[EventRounds "11"]
[EventCountry "FRA"]
[SourceTitle "EXT 2010"]
[Source "ChessBase"]
[SourceDate "2010.11.25"]
[SourceVersion "1"]
[SourceVersionDate "2010.11.25"]
[SourceQuality "1"]
[WhiteTeam "Le Touquet"]
[BlackTeam "Fenain Hornaing"]
[WhiteTeamCountry "FRA"]
[BlackTeamCountry "FRA"]

1. e4 c5 2. c3 g6 3. d4 cxd4 4. cxd4 d5 5. exd5 Nf6 6. Bb5+ Nbd7 7. Nc3 a6 8. Be2 Nb6 9. Bf3 Nfxd5 10. Nxd5 Nxd5 11. Qb3 e6 12. Ne2 Bg7 13. Nc3 Nxc3 14. bxc3 0-0 15. 0-0 Qc7 16. Ba3 Re8 17. Bc5 Bf8 18. Bb6 Qb8 19. Qa4 Re7 20. Rab1 Rd7 21. Rfe1 Bd6 22. g3 e5 23. c4 Re7 24. c5 Bc7 25. d5 Bf5 26. d6 1-0

[Event "Cap d'Agde CCAS op"]
[Site "Cap d'Agde"]
[Date "2008.10.31"]
[Round "8"]
[White "Simon, Olivier"]
[Black "Sanchez, Nicolas"]
[Result "1-0"]
[WhiteElo "2376"]
[BlackElo "2232"]
[PlyCount "81"]
[EventDate "2008.10.25"]
[EventType "swiss"]
[EventRounds "9"]
[EventCountry "FRA"]
[SourceTitle "CBM 127 Extra"]
[Source "ChessBase"]
[SourceDate "2009.01.08"]
[SourceVersion "2"]
[SourceVersionDate "2009.01.28"]
[SourceQuality "1"]

1. e4 c5 2. Nf3 d6 3. d4 cxd4 4. Nxd4 Nf6 5. Nc3 a6 6. Bg5 e6 7. f4 Nbd7 8. Qf3 Qc7 9. 0-0-0 Be7 10. g4 h6 11. Bxf6 Nxf6 12. h4 g6 13. Bh3 h5 14. g5 Ng4 15. f5 Ne5 16. Qg3 exf5 17. exf5 Qc4 18. b3 Qc5 19. f6 Bd8 20. Ne4 Qa3+ 21. Kb1 Bc7 22. Qc3 Bxh3 23. Qxc7 0-0 24. Rxh3 Rfd8 25. Qc3 Rac8 26. Qb2 Qa5 27. Nf2 b5 28. Re3 Qb6 29. Re2 Rb8 30. Qc1 a5 31. Qe3 Rdc8 32. Nf3 Nxf3 33. Qxf3 a4 34. Qd5 a3 35. Re7 Rf8 36. Nd3 Rbc8 37. Nf4 Qf2 38. Qd2 Qxh4 39. Nxg6 fxg6 40. Qd5+ Kh8 41. Qb7 1-0

[Event "Condom op"]
[Site "Condom"]
[Date "2008.??.??"]
[Round "8"]
[White "Rooze, Jan"]
[Black "Simon, Olivier"]
[Result "1-0"]
[WhiteElo "2298"]
[BlackElo "2381"]
[PlyCount "67"]
[EventDate "2008.07.12"]
[EventType "swiss"]
[EventRounds "9"]
[EventCountry "FRA"]
[SourceTitle "EXT 2009"]
[Source "ChessBase"]
[SourceDate "2008.11.26"]
[SourceVersion "1"]
[SourceVersionDate "2008.11.26"]
[SourceQuality "1"]

1. e4 c5 2. Nf3 g6 3. d4 cxd4 4. Qxd4 Nf6 5. Nc3 Nc6 6. Qa4 d6 7. e5 dxe5 8. Nxe5 Qd4 9. Nxc6 Qxa4 10. Nxa4 bxc6 11. Bd3 e5 12. 0-0 Be6 13. Be3 Nd5 14. Bc5 f6 15. Rfe1 Kf7 16. Rad1 Be7 17. Bxe7 Kxe7 18. Be4 Rhc8 19. b3 Bf5 20. c4 Nb4 21. Bxf5 gxf5 22. f4 e4 23. a3 Na6 24. Rd3 Nc7 25. Rh3 Rh8 26. Rh5 Rab8 27. b4 Ne8 28. Rxf5 Nd6 29. Ra5 f5 30. Rxa7+ Rb7 31. Rxb7+ Nxb7 32. Nb6 Rd8 33. a4 c5 34. a5 1-0

[Event "Le Touquet op 22nd"]
[Site "Le Touquet"]
[Date "2007.11.02"]
[Round "9"]
[White "Nguyen, Huu Hoang Anh"]
[Black "Simon, Olivier"]
[Result "1/2-1/2"]
[WhiteElo "2105"]
[BlackElo "2397"]
[PlyCount "90"]
[EventDate "2007.10.27"]
[EventType "swiss"]
[EventRounds "9"]
[EventCountry "FRA"]
[SourceTitle "EXT 2008"]
[Source "ChessBase"]
[SourceDate "2007.11.25"]
[SourceVersion "1"]
[SourceVersionDate "2007.11.25"]
[SourceQuality "1"]

1. c3 e5 2. Qc2 d5 3. d3 f5 4. Nd2 Nf6 5. b4 c5 6. a3 a5 7. bxa5 Nc6 8. e4 d4 9. Ngf3 Bd6 10. Be2 0-0 11. 0-0 Kh8 12. Rb1 f4 13. Nc4 Bc7 14. cxd4 cxd4 15. Bd2 Nd7 16. Rb5 Qf6 17. Rfb1 g5 18. h3 Qg6 19. Qd1 h5 20. Nh2 Nf6 21. Rxb7 Bxb7 22. Rxb7 Rfc8 23. f3 Nd7 24. a4 Qe6 25. Rb5 Ra7 26. Qe1 Nf6 27. Bd1 Qe7 28. Kf1 Rca8 29. Nb6 Rb8 30. Nd5 Nxd5 31. exd5 Rxb5 32. axb5 Nxa5 33. Bb4 Qf6 34. d6 Bb6 35. Qe4 Kg7 36. Ke2 Qe6 37. Nf1 Rd7 38. Nd2 Nb7 39. Bb3 Qf6 40. Qc6 Qd8 41. Ne4 Na5 42. Bxa5 Bxa5 43. Nc5 Rxd6 44. Ne6+ Rxe6 45. Qxe6 Qf6 1/2-1/2

[Event "Le Touquet op 22nd"]
[Site "Le Touquet"]
[Date "2007.11.01"]
[Round "8"]
[White "Simon, Olivier"]
[Black "Vogel, Jaap"]
[Result "1/2-1/2"]
[WhiteElo "2397"]
[BlackElo "2218"]
[PlyCount "74"]
[EventDate "2007.10.27"]
[EventType "swiss"]
[EventRounds "9"]
[EventCountry "FRA"]
[SourceTitle "EXT 2008"]
[Source "ChessBase"]
[SourceDate "2007.11.25"]
[SourceVersion "1"]
[SourceVersionDate "2007.11.25"]
[SourceQuality "1"]

1. e4 e6 2. d3 d5 3. Qe2 Be7 4. Nf3 Nf6 5. g3 b6 6. Bg2 Bb7 7. e5 Nfd7 8. 0-0 c5 9. c4 d4 10. Nfd2 Nc6 11. f4 g6 12. Ne4 Qc7 13. Na3 a6 14. Nc2 b5 15. Nd2 Nb6 16. b3 bxc4 17. Nxc4 Nxc4 18. bxc4 Rb8 19. Bd2 Ba8 20. Rfb1 Rxb1+ 21. Rxb1 Kd7 22. Rb3 Rb8 23. Qd1 Rxb3 24. axb3 Qb8 25. Qb1 Nd8 26. Bxa8 Qxa8 27. Kf2 Nc6 28. Qa2 Qb7 29. Qa4 h5 30. Ne1 Ke8 31. Nf3 Kf8 32. h3 f5 33. exf6 Bxf6 34. g4 hxg4 35. hxg4 Kf7 36. Qa3 Qb6 37. Qa4 Qb7 1/2-1/2